000 00397nam a2200169Ia 4500
008 210210b1956 xxu||||| |||| 00| 0 eng d
041 _aeng
082 _a335/77
100 _aDa COSTA (E P W) Ed
245 _aEastern economist pamplets
260 _aNew Delhi
_b-
_c1956
650 _apamplets
650 _aeconomist
650 _aEastern
690 _aIndian Economics
906 _a004420
999 _c125097
_d125097